A color of his own / (Record no. 31189)

MARC details
000 -LEADER
fixed length control field 01569cam a2200505 4500
001 - CONTROL NUMBER
control field sjds1130687
003 - CONTROL NUMBER IDENTIFIER
control field sjds
005 - DATE AND TIME OF LATEST TRANSACTION
control field 20251119024650.0
008 - FIXED-LENGTH DATA ELEMENTS--GENERAL INFORMATION
fixed length control field 750825t19751975nyua j 000 1 eng
010 ## - LIBRARY OF CONGRESS CONTROL NUMBER
LC control number 75028456
020 ## - INTERNATIONAL STANDARD BOOK NUMBER
International Standard Book Number 0590482793 (Scholastic pbk.)
020 ## - INTERNATIONAL STANDARD BOOK NUMBER
International Standard Book Number 9780590482790 (Scholastic pbk.)
020 ## - INTERNATIONAL STANDARD BOOK NUMBER
International Standard Book Number 0394832310
020 ## - INTERNATIONAL STANDARD BOOK NUMBER
International Standard Book Number 0394932315
020 ## - INTERNATIONAL STANDARD BOOK NUMBER
International Standard Book Number 0613035925
020 ## - INTERNATIONAL STANDARD BOOK NUMBER
International Standard Book Number 0679887857 (pbk Dragonfly) :
Terms of availability $6.99
020 ## - INTERNATIONAL STANDARD BOOK NUMBER
International Standard Book Number 9780679887850
Terms of availability $7.99
020 ## - INTERNATIONAL STANDARD BOOK NUMBER
International Standard Book Number 0679887857 ;
Terms of availability 7.99
020 ## - INTERNATIONAL STANDARD BOOK NUMBER
International Standard Book Number 9780679887850
035 ## - SYSTEM CONTROL NUMBER
System control number (OCoLC)1637962
035 ## - SYSTEM CONTROL NUMBER
System control number 1130687
040 ## - CATALOGING SOURCE
Modifying agency UtOrBLW
Transcribing agency sjds
041 ## - LANGUAGE CODE
Language code of text/sound track or separate title eng
049 ## - LOCAL HOLDINGS (OCLC)
Holding library IFAA
099 ## - LOCAL FREE-TEXT CALL NUMBER (OCLC)
Filing suffix 1975
999 ## - SYSTEM CONTROL NUMBERS (KOHA)
Koha Dewey Subclass [OBSOLETE] CONCEPT BOOKS LIONNI 1975
100 1# - MAIN ENTRY--PERSONAL NAME
Personal name Lionni, Leo,
Dates associated with a name 1910-1999,
Relator term author.
240 10 - UNIFORM TITLE
Uniform title <a href="Colour of his own">Colour of his own</a>
245 12 - TITLE STATEMENT
Title A color of his own /
Statement of responsibility, etc. Leo Lionni.
260 ## - PUBLICATION, DISTRIBUTION, ETC. (IMPRINT)
Place of publication, distribution, etc. New York :
Name of publisher, distributor, etc. Scholastic,
Date of publication, distribution, etc. 2004
264 #1 - PRODUCTION, PUBLICATION, DISTRIBUTION, MANUFACTURE, AND COPYRIGHT NOTICE
Place of production, publication, distribution, manufacture New York :
Name of producer, publisher, distributor, manufacturer Pantheon Books,
Date of production, publication, distribution, manufacture, or copyright notice [1975]
264 #4 - PRODUCTION, PUBLICATION, DISTRIBUTION, MANUFACTURE, AND COPYRIGHT NOTICE
Date of production, publication, distribution, manufacture, or copyright notice c1975
300 ## - PHYSICAL DESCRIPTION
Extent 32 unnumbered pages :
Other physical details color illustrations ;
Dimensions 20 x 21 cm
336 ## - CONTENT TYPE
Content type term text
Content type code txt
Source rdacontent
337 ## - MEDIA TYPE
Media type term unmediated
Media type code n
Source rdamedia
338 ## - CARRIER TYPE
Carrier type term volume
Carrier type code nc
Source rdacarrier
500 ## - GENERAL NOTE
General note British ed. published in 1975 under title: A colour of his own.
520 ## - SUMMARY, ETC.
Summary, etc. A little chameleon is distressed that he doesn't have his own color like other animals.
521 8# - TARGET AUDIENCE NOTE
Target audience note AD640L
Source Lexile
526 0# - STUDY PROGRAM INFORMATION NOTE
Program name Lexile
526 0# - STUDY PROGRAM INFORMATION NOTE
Program name Accelerated Reader
Interest level LG
Reading level 2.3
Title point value 0.5
Public note 49248
650 #0 - SUBJECT ADDED ENTRY--TOPICAL TERM
Topical term or geographic name as entry element Chameleons
Form subdivision Juvenile fiction.
650 #0 - SUBJECT ADDED ENTRY--TOPICAL TERM
Topical term or geographic name as entry element Color
Form subdivision Juvenile fiction.
942 ## - ADDED ENTRY ELEMENTS (KOHA)
Koha item type Libro/Book
Holdings
Withdrawn status Lost status Damaged status Not for loan Home library Current library Shelving location Date acquired Total Checkouts Full call number Barcode Date last seen Price effective from Koha item type
        San Juan Del Sur -- Biblioteca San Juan Del Sur -- Biblioteca Children's Area 19/11/2025   JI INGLES 30023490 19/11/2025 19/11/2025 Libro/Book

Powered by Koha